Terpenoids from adiatum emarginatum /
Tallennettuna:
| Päätekijä: | |
|---|---|
| Muut tekijät: | , , , , |
| Aineistotyyppi: | Artikkeli |
| Kieli: | Vietnamese |
| Aiheet: | |
| Tagit: |
Lisää tagi
Ei tageja, Lisää ensimmäinen tagi!
|
| Thư viện lưu trữ: | Thư viện Trường Đại học Đà Lạt |
|---|
| LEADER | 00953nam a2200337 4500 | ||
|---|---|---|---|
| 001 | DLU110119693 | ||
| 005 | ##20110414 | ||
| 040 | # | # | |a DLU |b vie |
| 041 | # | # | |a vie |
| 044 | # | # | |a vn |
| 100 | # | # | |a Nguyen Hai Dang. |
| 245 | # | # | |a Terpenoids from adiatum emarginatum / |c Nguyen Hai Dang, ...{và những người khác} |
| 653 | # | # | |a Diterpenoid |
| 653 | # | # | |a Hydroxyadiantone |
| 653 | # | # | |a Isoadiantol B |
| 653 | # | # | |a Plant material |
| 700 | # | # | |a Chau Van Minh. |
| 700 | # | # | |a Choadhary. Muhammad Lqbal. |
| 700 | # | # | |a Phan Van Kiem. |
| 700 | # | # | |a Tran Thu Ha. |
| 700 | # | # | |a Tran Thu Huong. |
| 773 | # | # | |t Tạp chí Hóa học |g Số 2(46), 2008, tr. 229-233 |
| 920 | # | # | |a Phòng Tạp chí -- Trung tâm Thông tin - Thư viện Trường Đại học Đà Lạt |
| 994 | # | # | |a DLU |
| 900 | # | # | |a True |
| 911 | # | # | |a Nguyễn Thị Linh Chi |
| 925 | # | # | |a G |
| 926 | # | # | |a A |
| 927 | # | # | |a BB |
| 980 | # | # | |a Thư viện Trường Đại học Đà Lạt |